Statistics for Top 3 Countries in F...

Click here to take the quiz!

General Stats

  • This quiz has been taken 81 times
  • The average score is 20 of 27

Answer Stats

Most. ..Country% Correct
Fast food consumptionUnited States
98%
Firearms per capitaUnited States
98%
United States
98%
United Kingdom
97%
Food wasteUnited Kingdom
97%
United Kingdom
97%
Brazil
95%
Brazil
95%
Russia
95%
Forest in totalRussia
95%
Canada
92%
Canada
92%
Finland
91%
Fruit productionChina
89%
Sweden
89%
Free mediaNorway
88%
Germany
86%
France
83%
India
78%
French expatsSwitzerland
48%
Football clubsSouth Africa
38%
Malaysia
34%
Forest (%)Suriname
31%
Gabon
25%
Yemen
23%
Serbia
18%
Mozambique
9%

Score Distribution

Percentile by Number Answered

Percent of People with Each Score

Your Score History

You have not taken this quiz